| 000 | 00740nam a2200265Ia 4500 | ||
|---|---|---|---|
| 001 | 38958 | ||
| 005 | 20240114002033.0 | ||
| 007 | ta | ||
| 008 | 070807s1980 a g b000 u 465 u | ||
| 040 | _aCotton College,Assam | ||
| 041 | _a465 | ||
| 082 |
_a954.162 _bDi 569 As |
||
| 100 | _aDihingia, Hemeswar . | ||
| 245 | 0 |
_aAssam`s Struggles Against British Rule: 1826- 1863 / _cHemeswar Dihingia. _hTextual Documents |
|
| 250 | _a1st ed. / | ||
| 260 |
_aNew Delhi : _bAsian Publishing Services , _c1980. |
||
| 300 |
_a155p. : _bill ; _c22cm . |
||
| 504 | _aIndex | ||
| 653 | _aHistory-Assam | ||
| 653 | _aAssam History-British Rule | ||
| 653 | _aG-History | ||
| 942 |
_2ddc _cBK |
||
| 999 |
_c38930 _d38930 |
||